000 00589cam a2200193 a 4500
001 000018182
005 20200929165405.0
008 831102s1967 ve 000 p spa d
040 _aDO-SdBNP
_bspa
_cLC
_dBNPHU
082 _aV861.4
_bB532d
100 1 _aBeroes, Juan,
_d1914-
_939390
245 1 4 _aLos deshabitados paraisos 1963-1966 /
_cJuan Beroes.
260 _aCaracas :
_bTipografía Vargas,
_c1967.
300 _a91 p. ;
_c23 cm.
650 4 _aPoesía venezolana
_94230
650 4 _aLiteratura venezolana
_ySIGLO XX
_99777
910 _aCatalogación por copia / LC
049 _aBNGR
999 _c17703
_d17703